[Event "SVK-chT2A 2223"]
[Site "Slovakia"]
[Date "2023.02.12"]
[Round "9.4"]
[White "Stetina, Erik"]
[Black "Pozsar, Peter"]
[Result "1/2-1/2"]
[WhiteElo "2009"]
[BlackElo "1804"]
[PlyCount "36"]
[EventDate "2022.10.08"]
[EventType "team-tourn"]
[EventRounds "11"]
[EventCountry "SVK"]
[SourceTitle "EXT 2024"]
[Source "ChessBase"]
[SourceDate "2023.10.10"]
[SourceVersion "1"]
[SourceVersionDate "2023.10.10"]
[SourceQuality "1"]
[WhiteTeam "Trnava Lokomotiva"]
[BlackTeam "Senec"]
[WhiteTeamCountry "SVK"]
[BlackTeamCountry "SVK"]

1. d4 Nf6 2. Bf4 e6 3. e3 d5 4. Nc3 a6 5. Nf3 Nbd7 6. Ne5 c5 7. Be2 Be7 8. g4 Nxe5 9. Bxe5 Kf8 10. Qd2 b5 11. f3 Bb7 12. h4 Nd7 13. Bg3 Nb6 14. Kf2 Rc8 15. Rad1 b4 16. Nb1 c4 17. c3 a5 18. Qc2 Qd7 1/2-1/2

[Event "Piestany Augustus Cup"]
[Site "Piestany"]
[Date "2022.07.15"]
[Round "6"]
[White "Harvan, Tomas"]
[Black "Stetina, Erik"]
[Result "1-0"]
[WhiteElo "1590"]
[BlackElo "2009"]
[PlyCount "33"]
[EventDate "2022.07.15"]
[EventType "swiss (rapid)"]
[EventRounds "7"]
[EventCountry "SVK"]
[SourceTitle "CBM 209 Extra"]
[Source "ChessBase"]
[SourceDate "2022.09.30"]
[SourceVersion "1"]
[SourceVersionDate "2022.09.30"]
[SourceQuality "1"]

1. e4 d6 2. d4 Nf6 3. Nc3 Nbd7 4. Bc4 e5 5. Nf3 Be7 6. 0-0 c6 7. a4 Qc7 8. Qe2 0-0 9. Rd1 h6 10. h3 Re8 11. dxe5 dxe5 12. Nh4 Nb6 13. Bb3 Bb4 14. a5 Nbd7 15. Bxf7+ Kxf7 16. Qc4+ Kf8 17. Ng6# 1-0

[Event "Piestany Augustus Cup"]
[Site "Piestany"]
[Date "2022.07.15"]
[Round "4"]
[White "Nosal, Tobias"]
[Black "Stetina, Erik"]
[Result "0-1"]
[WhiteElo "1244"]
[BlackElo "2009"]
[PlyCount "112"]
[EventDate "2022.07.15"]
[EventType "swiss (rapid)"]
[EventRounds "7"]
[EventCountry "SVK"]
[SourceTitle "CBM 209 Extra"]
[Source "ChessBase"]
[SourceDate "2022.09.30"]
[SourceVersion "1"]
[SourceVersionDate "2022.09.30"]
[SourceQuality "1"]

1. e4 d6 2. d4 Nf6 3. Nc3 Nbd7 4. Nf3 e5 5. Bc4 Be7 6. 0-0 c6 7. dxe5 dxe5 8. Qe2 0-0 9. Bg5 Qc7 10. Rad1 Nc5 11. Rd2 Bg4 12. Rfd1 b5 13. Bd3 Ne6 14. Be3 a6 15. a3 Rac8 16. b4 a5 17. Na2 Ra8 18. c3 axb4 19. axb4 Rfd8 20. Bb1 Nh5 21. h3 Nhf4 22. Bxf4 Nxf4 23. Qe3 Bh5 24. Rxd8+ Rxd8 25. Rxd8+ Qxd8 26. Qd2 Nxh3+ 27. gxh3 Bxf3 28. Nc1 Bg5 29. Nb3 Be7 30. Na5 c5 31. bxc5 Bxc5 32. Nb7 Be7 33. Bd3 b4 34. cxb4 Bxb4 35. Kh2 f5 36. exf5 Bxb7 37. Kg3 Bd6 38. Kg4 Kf7 39. Bc4+ Kf6 40. Bd3 Bc8 41. Be4 Bc5 42. f3 Be3 43. h4 g6 44. Kg3 gxf5 45. Bd5 Bf4+ 46. Kf2 Ba6 47. Bc6 h6 48. Ba4 Bd3 49. Bb3 Ke7 50. Ba4 Kd6 51. Bb3 Kc5 52. Be6 Kd4 53. Bb3 Be3+ 54. Kg3 h5 55. Bf7 e4 56. Be6 f4+ 0-1

[Event "Piestany Augustus Cup"]
[Site "Piestany"]
[Date "2022.07.15"]
[Round "2"]
[White "Sahidi, Samir"]
[Black "Stetina, Erik"]
[Result "1-0"]
[WhiteElo "2438"]
[BlackElo "2009"]
[PlyCount "102"]
[EventDate "2022.07.15"]
[EventType "swiss (rapid)"]
[EventRounds "7"]
[EventCountry "SVK"]
[SourceTitle "CBM 209 Extra"]
[Source "ChessBase"]
[SourceDate "2022.09.30"]
[SourceVersion "1"]
[SourceVersionDate "2022.09.30"]
[SourceQuality "1"]

1. d4 Nf6 2. c4 c5 3. d5 b5 4. cxb5 a6 5. bxa6 g6 6. Nc3 Bg7 7. g3 0-0 8. Bg2 d6 9. Nf3 Bxa6 10. 0-0 Nbd7 11. Re1 Nb6 12. h3 Bb7 13. e4 Nfd7 14. Bf4 Nc4 15. Qc2 Qa5 16. Rac1 Ba6 17. b3 Nce5 18. Nxe5 Nxe5 19. Red1 Rfc8 20. Qb1 Rcb8 21. Na4 Bb5 22. Nc3 Ba6 23. Bg5 Kf8 24. f4 Nf3+ 25. Bxf3 Bxc3 26. Bh6+ Bg7 27. Qb2 f6 28. Bxg7+ Kxg7 29. e5 c4 30. exf6+ exf6 31. Re1 Qb6+ 32. Kh2 Re8 33. Re6 Rxe6 34. dxe6 Re8 35. Re1 c3 36. Qxc3 Qf2+ 37. Bg2 Bb7 38. Rg1 Rc8 39. Qb4 Bf3 40. Qxd6 Rc1 41. Qe7+ Kh6 42. Qf8+ Kh5 43. g4+ Bxg4 44. hxg4+ Kxg4 45. Rxc1 Qxf4+ 46. Kg1 Qxc1+ 47. Kf2 Qd2+ 48. Kg1 Qe1+ 49. Bf1 Qe3+ 50. Kh1 Qf3+ 51. Bg2 Qd1+ 1-0

[Event "Piestany Augustus Cup"]
[Site "Piestany"]
[Date "2022.07.15"]
[Round "5"]
[White "Stetina, Erik"]
[Black "Doshi, Moksh Amitbhai"]
[Result "0-1"]
[WhiteElo "2009"]
[BlackElo "2210"]
[PlyCount "48"]
[EventDate "2022.07.15"]
[EventType "swiss (rapid)"]
[EventRounds "7"]
[EventCountry "SVK"]
[SourceTitle "CBM 209 Extra"]
[Source "ChessBase"]
[SourceDate "2022.09.30"]
[SourceVersion "1"]
[SourceVersionDate "2022.09.30"]
[SourceQuality "1"]

1. d4 Nf6 2. Nc3 d5 3. Bf4 e6 4. Nb5 Na6 5. e3 Be7 6. Nf3 0-0 7. Ne5 c6 8. Nc3 Qa5 9. f3 Nh5 10. Bg3 c5 11. Qd2 f6 12. Nd3 Nxg3 13. hxg3 Bd7 14. Nf4 Rac8 15. Bd3 f5 16. g4 c4 17. Be2 fxg4 18. 0-0-0 b5 19. e4 gxf3 20. Bxf3 Bg5 21. g3 b4 22. Nb1 c3 23. Qh2 h6 24. e5 Qxa2 0-1

[Event "Piestany Augustus Cup"]
[Site "Piestany"]
[Date "2022.07.15"]
[Round "3"]
[White "Stetina, Erik"]
[Black "Papp, Gabor3333"]
[Result "1-0"]
[WhiteElo "2009"]
[BlackElo "1481"]
[PlyCount "159"]
[EventDate "2022.07.15"]
[EventType "swiss (rapid)"]
[EventRounds "7"]
[EventCountry "SVK"]
[SourceTitle "CBM 209 Extra"]
[Source "ChessBase"]
[SourceDate "2022.09.30"]
[SourceVersion "1"]
[SourceVersionDate "2022.09.30"]
[SourceQuality "1"]

1. d4 d5 2. Nc3 c6 3. Bf4 Nf6 4. e3 e6 5. Nf3 Bd6 6. Ne5 0-0 7. Qf3 Nbd7 8. Nxc6 bxc6 9. Bxd6 Re8 10. Be2 Nf8 11. Ba3 a5 12. b3 Ba6 13. Bxa6 Rxa6 14. Na4 N8d7 15. 0-0 Nb6 16. Nc5 Ra7 17. Nd3 a4 18. Bc5 Ra8 19. Ne5 Qc7 20. h3 Nbd7 21. Nxd7 Qxd7 22. c4 Ne4 23. Rfd1 Nxc5 24. dxc5 axb3 25. axb3 Rxa1 26. Rxa1 dxc4 27. bxc4 h6 28. Rd1 Qb7 29. Rd6 Rc8 30. Qe4 Qa6 31. Kh2 Qb7 32. Qd3 Qb8 33. g3 g6 34. Qd4 h5 35. Rd7 Rf8 36. Qd6 Qa8 37. Rc7 Rc8 38. Rd7 Qa2 39. Qf4 Rf8 40. Kg2 Qa5 41. Qd6 Qa6 42. e4 Rc8 43. Qd4 Qa8 44. e5 Qa6 45. Rd8+ Rxd8 46. Qxd8+ Kg7 47. Qb6 Qc8 48. h4 Qd7 49. Qb8 f6 50. exf6+ Kxf6 51. Qf4+ Kg7 52. Qe5+ Kh6 53. Qd6 Qe8 54. f3 Qc8 55. g4 hxg4 56. fxg4 Qe8 57. Kg3 Qc8 58. g5+ Kg7 59. Qe7+ Kg8 60. Kg4 Qf8 61. Qxf8+ Kxf8 62. Kf4 Kf7 63. Ke4 Ke8 64. Ke5 Ke7 65. Ke4 Ke8 66. Ke3 Ke7 67. Kf4 Kf8 68. Kg4 Kg8 69. h5 gxh5+ 70. Kxh5 e5 71. Kg4 Kf7 72. Kf5 e4 73. Kxe4 Kg6 74. Ke5 Kxg5 75. Kd6 Kf6 76. Kxc6 Ke7 77. Kb7 Kd7 78. c6+ Kd6 79. c7 Ke7 80. c8Q 1-0

[Event "SVK-chT2A 1718"]
[Site "Slovakia"]
[Date "2017.10.28"]
[Round "1.5"]
[White "Sosovicka, Jakub"]
[Black "Stetina, Erik"]
[Result "1-0"]
[WhiteElo "2101"]
[BlackElo "2022"]
[PlyCount "59"]
[EventDate "2017.10.28"]
[EventType "team-tourn"]
[EventRounds "11"]
[EventCountry "SVK"]
[SourceTitle "EXT 2019"]
[Source "ChessBase"]
[SourceDate "2018.10.10"]
[SourceVersion "1"]
[SourceVersionDate "2018.10.10"]
[SourceQuality "1"]
[WhiteTeam "Bratislava Doprastav II"]
[BlackTeam "Trnava Lokomotiva II"]
[WhiteTeamCountry "SVK"]
[BlackTeamCountry "SVK"]

1. e4 e5 2. Nf3 Nc6 3. Bb5 a6 4. Ba4 Nge7 5. 0-0 d6 6. c3 Bd7 7. d4 Ng6 8. Re1 Be7 9. Nbd2 b5 10. Bc2 h6 11. Nf1 Bg5 12. Ng3 Nf4 13. Bxf4 Bxf4 14. Nh5 0-0 15. Nxf4 exf4 16. Qd2 g5 17. e5 Ne7 18. d5 Bf5 19. Bxf5 Nxf5 20. Qd3 Ne7 21. e6 fxe6 22. Rxe6 Nf5 23. Nd4 Ng7 24. Rxh6 Rf6 25. Qh7+ Kf7 26. Ne6 Qg8 27. Nxg5+ Ke7 28. Re1+ Kd7 29. Qxg8 Rxg8 30. Rxf6 1-0

[Event "SVK-chT2A 1617"]
[Site "Slovakia"]
[Date "2017.01.21"]
[Round "7.6"]
[White "Stetina, Erik"]
[Black "Jablonicky, Frantisek"]
[Result "1/2-1/2"]
[WhiteElo "2010"]
[BlackElo "2114"]
[PlyCount "120"]
[EventDate "2016.10.08"]
[EventType "team-tourn"]
[EventRounds "11"]
[EventCountry "SVK"]
[SourceTitle "EXT 2018"]
[Source "ChessBase"]
[SourceDate "2017.10.13"]
[SourceVersion "1"]
[SourceVersionDate "2017.10.13"]
[SourceQuality "1"]
[WhiteTeam "Trnava Lokomotiva II"]
[BlackTeam "Sered MSK"]
[WhiteTeamCountry "SVK"]
[BlackTeamCountry "SVK"]

1. e4 c6 2. Nc3 d5 3. Nf3 dxe4 4. Nxe4 Nf6 5. Nxf6+ gxf6 6. d4 Bg4 7. Be2 e6 8. Be3 Nd7 9. Nh4 Bxe2 10. Qxe2 Qa5+ 11. c3 Bd6 12. 0-0 Qc7 13. g3 0-0-0 14. c4 c5 15. b4 cxd4 16. Bxd4 Be5 17. Nf3 Bxd4 18. Nxd4 Qe5 19. Qxe5 Nxe5 20. Nb3 Rd3 21. Rfd1 Rhd8 22. Rxd3 Rxd3 23. Rc1 Nc6 24. b5 Nb4 25. Nc5 Rd2 26. Ne4 Nxa2 27. Ra1 Rc2 28. Kg2 f5 29. Nf6 Nc3 30. Rxa7 Ne4 31. Nxh7 Nxf2 32. h4 Ng4+ 33. Kg1 e5 34. b6 Rc1+ 35. Kg2 Ne3+ 36. Kf3 Nxc4 37. Ng5 e4+ 38. Kf2 Rc2+ 39. Ke1 Ne5 40. Ra5 f6 41. Ne6 e3 42. Rc5+ Rxc5 43. Nxc5 f4 44. gxf4 Ng6 45. h5 Nxf4 46. h6 f5 47. h7 Ng6 48. Ke2 f4 49. Ne6 Nh8 50. Nxf4 Kd7 51. Kxe3 Nf7 52. Ng6 Ke6 53. Kd4 Kd6 54. Ne5 Nh8 55. Ke4 Ke6 56. Kf4 Kf6 57. Nd7+ Kg7 58. Nc5 Ng6+ 59. Ke4 Ne7 60. Nxb7 Nc8 1/2-1/2

[Event "SVK-chT2A 1617"]
[Site "Slovakia"]
[Date "2016.10.08"]
[Round "1.5"]
[White "Stetina, Erik"]
[Black "Janos, Jozef"]
[Result "0-1"]
[WhiteElo "2008"]
[BlackElo "2175"]
[PlyCount "50"]
[EventDate "2016.10.08"]
[EventType "team-tourn"]
[EventRounds "11"]
[EventCountry "SVK"]
[SourceTitle "CBM 175 Extra"]
[Source "ChessBase"]
[SourceDate "2016.12.12"]
[SourceVersion "1"]
[SourceVersionDate "2016.12.12"]
[SourceQuality "1"]
[WhiteTeam "Trnava Lokomotiva II"]
[BlackTeam "Bratislava Slovan IV"]
[WhiteTeamCountry "SVK"]
[BlackTeamCountry "SVK"]

1. e4 c5 2. Nf3 e6 3. d4 cxd4 4. c3 Nf6 5. e5 Nd5 6. cxd4 Nc6 7. Nc3 Nxc3 8. bxc3 d5 9. Bd3 Be7 10. h4 h6 11. Bd2 Bd7 12. Rb1 Na5 13. c4 dxc4 14. Be4 Rb8 15. 0-0 b5 16. d5 exd5 17. Bxd5 Bc6 18. Bxa5 Qxd5 19. Qc1 Qe4 20. Rd1 0-0 21. Rd4 Qg6 22. Ne1 Be4 23. Rb4 Bc5 24. Rd1 Qa6 25. Qa3 Bb6 0-1

[Event "SVK-chT2A 1516"]
[Site "Slovakia"]
[Date "2015.10.18"]
[Round "2.7"]
[White "Briestenska, Andrea"]
[Black "Stetina, Erik"]
[Result "1/2-1/2"]
[WhiteElo "1979"]
[BlackElo "2014"]
[PlyCount "50"]
[EventDate "2015.10.17"]
[EventType "team-tourn"]
[EventRounds "11"]
[EventCountry "SVK"]
[SourceTitle "CBM 169 Extra"]
[Source "ChessBase"]
[SourceDate "2015.12.18"]
[SourceVersion "1"]
[SourceVersionDate "2015.12.18"]
[SourceQuality "1"]
[WhiteTeam "Bratislava Slovan IV"]
[BlackTeam "Trnava Lokomotiva II"]
[WhiteTeamCountry "SVK"]
[BlackTeamCountry "SVK"]

1. f4 Nf6 2. Nf3 g6 3. b3 Bg7 4. Bb2 0-0 5. e3 c5 6. Be2 Nc6 7. 0-0 d5 8. Ne5 Qb6 9. Nxc6 bxc6 10. Kh1 Bf5 11. Nc3 a5 12. Na4 Qa7 13. d3 Rfd8 14. Bf3 Rac8 15. Qe2 c4 16. dxc4 dxc4 17. e4 Be6 18. Rad1 cxb3 19. cxb3 c5 20. Rxd8+ Rxd8 21. Rc1 Rc8 22. Qf2 Qb8 23. Be5 Qb4 24. Qe3 c4 25. Nb6 Rc6 1/2-1/2

[Event "SVK-chT2A 1112"]
[Site "Slovakia"]
[Date "2011.11.05"]
[Round "3.7"]
[White "Kahancova, Jana"]
[Black "Stetina, Erik"]
[Result "0-1"]
[WhiteElo "1670"]
[BlackElo "2042"]
[PlyCount "52"]
[EventDate "2011.10.08"]
[EventType "team-tourn"]
[EventRounds "11"]
[EventCountry "SVK"]
[SourceTitle "EXT 2013"]
[Source "ChessBase"]
[SourceDate "2012.11.22"]
[SourceVersion "1"]
[SourceVersionDate "2012.11.22"]
[SourceQuality "1"]
[WhiteTeam "Dunajska Streda SK II"]
[BlackTeam "Trnava Lokomotiva II"]
[WhiteTeamCountry "SVK"]
[BlackTeamCountry "SVK"]

1. e4 e5 2. Nf3 Nc6 3. Bc4 Nf6 4. d3 Be7 5. c3 0-0 6. 0-0 d6 7. Bg5 Nd7 8. Bxe7 Qxe7 9. Nbd2 Nb6 10. Bb3 Bg4 11. Re1 Kh8 12. h3 Bh5 13. Nf1 Rae8 14. Ng3 Bxf3 15. Qxf3 g6 16. Qe3 f5 17. exf5 gxf5 18. f4 Qh4 19. Rf1 Na5 20. Bd1 Nd5 21. Qf2 Nxf4 22. d4 Nc4 23. b3 Rg8 24. Nxf5 Qxh3 25. g4 Qxc3 26. bxc4 Nh3+ 0-1

[Event "SVK-chT1W 1112"]
[Site "Slovakia"]
[Date "2011.10.16"]
[Round "2.8"]
[White "Dvoranova, Maria"]
[Black "Stetina, Erik"]
[Result "0-1"]
[WhiteElo "2066"]
[BlackElo "2042"]
[PlyCount "162"]
[EventDate "2011.10.15"]
[EventType "team-tourn"]
[EventRounds "11"]
[EventCountry "SVK"]
[SourceTitle "EXT 2013"]
[Source "ChessBase"]
[SourceDate "2012.11.22"]
[SourceVersion "1"]
[SourceVersionDate "2012.11.22"]
[SourceQuality "1"]
[WhiteTeam "Nitra"]
[BlackTeam "Trnava Lokomotiva"]
[WhiteTeamCountry "SVK"]
[BlackTeamCountry "SVK"]

1. d4 Nf6 2. Nf3 e6 3. g3 b6 4. Bg2 Bb7 5. 0-0 Be7 6. c4 0-0 7. Nc3 d6 8. Re1 Nbd7 9. e4 e5 10. d5 Ne8 11. h4 a5 12. Bh3 Nc5 13. Be3 Bc8 14. Bxc8 Qxc8 15. Kg2 h6 16. Bxc5 bxc5 17. Nd2 g6 18. Nf1 Bf6 19. Ne3 Bg7 20. h5 Nf6 21. hxg6 fxg6 22. Rc1 h5 23. Rc2 Bh6 24. f3 Bxe3 25. Rxe3 Kg7 26. Qh1 g5 27. Rf2 h4 28. Qh3 Nh5 29. Qxc8 Raxc8 30. gxh4 Nf4+ 31. Kf1 gxh4 32. Ne2 Rb8 33. Nxf4 exf4 34. Ree2 Kf6 35. Rh2 Rh8 36. Reg2 Ke5 37. Rg7 Rb7 38. Rd2 h3 39. Kg1 h2+ 40. Kh1 Kf6 41. Rgg2 Rh3 42. Rdf2 Rb4 43. Rxh2 Rxh2+ 44. Kxh2 Rxc4 45. Kh3 Ke5 46. Rd2 Rc1 47. Kg2 a4 48. Kf2 Rh1 49. Kg2 Re1 50. Kf2 Re3 51. Rd1 c4 52. Rd2 a3 53. bxa3 Rxa3 54. Ke2 c3 55. Rc2 Kd4 56. Kd1 Ke3 57. Re2+ Kxf3 58. Ke1 Ra4 59. Rc2 Rxe4+ 60. Kf1 Rc4 61. a4 Rxa4 62. Rxc3+ Ke4 63. Rxc7 Kxd5 64. Re7 Ra2 65. Re1 Rd2 66. Re7 Kd4 67. Ke1 Ra2 68. Re6 d5 69. Re7 Kd3 70. Re5 d4 71. Kf1 f3 72. Rf5 f2 73. Re5 Kc4 74. Re8 d3 75. Rc8+ Kb3 76. Rb8+ Kc3 77. Rc8+ Kd2 78. Kxf2 Kd1+ 79. Ke3 d2 80. Kf2 Rc2 81. Rh8 Kc1 0-1

[Event "SVK-chT2A 1112"]
[Site "Slovakia"]
[Date "2011.10.08"]
[Round "1.5"]
[White "Stetina, Erik"]
[Black "Goga, Frantisek"]
[Result "1-0"]
[WhiteElo "2042"]
[BlackElo "1989"]
[PlyCount "118"]
[EventDate "2011.10.08"]
[EventType "team-tourn"]
[EventRounds "11"]
[EventCountry "SVK"]
[SourceTitle "EXT 2013"]
[Source "ChessBase"]
[SourceDate "2012.11.22"]
[SourceVersion "1"]
[SourceVersionDate "2012.11.22"]
[SourceQuality "1"]
[WhiteTeam "Trnava Lokomotiva II"]
[BlackTeam "Bratislava Doprastav III"]
[WhiteTeamCountry "SVK"]
[BlackTeamCountry "SVK"]

1. e4 c5 2. Nf3 d6 3. d4 cxd4 4. c3 d3 5. Bxd3 Nc6 6. 0-0 Bg4 7. Bc4 e6 8. Bf4 Nf6 9. Qe2 Be7 10. Na3 a6 11. Rad1 Qc7 12. Bb3 Nh5 13. Qe3 Nxf4 14. Qxf4 Bxf3 15. Qxf3 0-0 16. Nc4 Na5 17. Ne3 Nxb3 18. axb3 Qb6 19. b4 Qb5 20. Rd4 a5 21. Rfd1 Rfc8 22. Nc2 Qg5 23. Qd3 h5 24. Ne3 Rd8 25. g3 axb4 26. Rxb4 d5 27. Rxb7 dxe4 28. Qxe4 Rxd1+ 29. Nxd1 Ra1 30. Rd7 h4 31. Kg2 h3+ 32. Kf3 Qf6+ 33. Qf4 Qg6 34. Ne3 Bg5 35. Qg4 Bxe3 36. Qxg6 fxg6 37. fxe3 Rh1 38. Rd2 Rg1 39. Rc2 g5 40. g4 Kf7 41. c4 Ke7 42. c5 Kd7 43. c6+ Kc7 44. b4 Rb1 45. Rc5 Rxb4 46. Re5 Kxc6 47. Rxe6+ Kd7 48. Re5 Rb2 49. Kg3 Kd6 50. Rxg5 Re2 51. Rxg7 Rxe3+ 52. Kh4 Ke6 53. Rg5 Kf6 54. Rf5+ Kg6 55. Rf1 Ra3 56. Rg1 Ra8 57. Kxh3 Kg5 58. Rg3 Ra4 59. Rb3 Ra5 1-0

[Event "SVK-chT2A 10/11"]
[Site "Slovakia"]
[Date "2011.03.05"]
[Round "8.8"]
[White "Stetina, Erik"]
[Black "Hurban, Martin"]
[Result "1-0"]
[WhiteElo "2025"]
[BlackElo "1934"]
[PlyCount "87"]
[EventDate "2010.10.23"]
[EventType "team-tourn"]
[EventRounds "11"]
[EventCountry "SVK"]
[SourceTitle "EXT 2019"]
[Source "ChessBase"]
[SourceDate "2018.10.10"]
[SourceVersion "1"]
[SourceVersionDate "2018.10.10"]
[SourceQuality "1"]
[WhiteTeam "Trnava Lokomotiva II"]
[BlackTeam "Devinska Nova Ves"]
[WhiteTeamCountry "SVK"]
[BlackTeamCountry "SVK"]

1. e4 e6 2. d4 d5 3. Nd2 Nf6 4. e5 Nfd7 5. Bd3 c5 6. c3 Nc6 7. Ne2 cxd4 8. cxd4 f6 9. Nf4 Nxd4 10. Qh5+ Ke7 11. Ng6+ hxg6 12. exf6+ Nxf6 13. Qxh8 Kf7 14. 0-0 e5 15. Nb3 Nxb3 16. axb3 Qb6 17. Be3 Qxb3 18. Bxg6+ Kxg6 19. Qxf8 d4 20. Bc1 Qd5 21. Ra3 d3 22. Qb4 Bf5 23. f3 a5 24. Qe1 Kf7 25. Rc3 Rd8 26. Bd2 Qd6 27. g4 Bh7 28. Qh4 Qb6+ 29. Qf2 Qxb2 30. Rc7+ Nd7 31. Bg5 Qxf2+ 32. Kxf2 Rb8 33. Rxd7+ Kg6 34. Bd2 Bg8 35. Bxa5 Bc4 36. Bb6 Ra8 37. Ke3 Ra2 38. Rf2 Ra1 39. Rd6+ Kf7 40. Rd2 Ke7 41. Bc5 Ra5 42. Bb4 Ra4 43. Rb6+ Kd7 44. Bc3 1-0

[Event "SVK-chT3A2 1011"]
[Site "Slovakia"]
[Date "2011.02.27"]
[Round "9.1"]
[White "Pribila, Gerhart"]
[Black "Stetina, Erik"]
[Result "1/2-1/2"]
[WhiteElo "2032"]
[BlackElo "2025"]
[PlyCount "86"]
[EventDate "2010.10.17"]
[EventType "team-tourn"]
[EventRounds "11"]
[EventCountry "SVK"]
[SourceTitle "EXT 2019"]
[Source "ChessBase"]
[SourceDate "2018.10.10"]
[SourceVersion "1"]
[SourceVersionDate "2018.10.10"]
[SourceQuality "1"]
[WhiteTeam "Gbely Nafta"]
[BlackTeam "Trnava Lokomotiva III"]
[WhiteTeamCountry "SVK"]
[BlackTeamCountry "SVK"]

1. e4 e5 2. Nf3 Nc6 3. d4 exd4 4. Nxd4 Qh4 5. Nc3 Bb4 6. Ndb5 Bxc3+ 7. bxc3 Qd8 8. Qg4 g6 9. Qf4 d6 10. Bb2 a6 11. Nd4 Ne5 12. c4 Qf6 13. Qxf6 Nxf6 14. f4 Neg4 15. e5 dxe5 16. fxe5 Ne4 17. Bd3 Nc5 18. 0-0 Ne6 19. h3 Nh6 20. g4 Ng8 21. Rab1 Ne7 22. Bc3 0-0 23. Nxe6 fxe6 24. Rxf8+ Kxf8 25. Be4 Rb8 26. Kf2 b6 27. Ke3 Bd7 28. Bb4 Ke8 29. h4 Bc6 30. Rf1 Bxe4 31. Kxe4 c5 32. Bd2 Nc6 33. Bg5 Rb7 34. Rf6 Nd8 35. Rf3 Nf7 36. Bd2 Rd7 37. Rd3 Nd8 38. Bc3 Nc6 39. Rxd7 Kxd7 40. a3 Ne7 41. Kf4 h6 42. Bd2 Ke8 43. a4 a5 1/2-1/2

[Event "SVK-chT2A 0809"]
[Site "Slovakia"]
[Date "2009.02.28"]
[Round "10.2"]
[White "Stetina, Erik"]
[Black "Fabry, Robert"]
[Result "0-1"]
[WhiteElo "2043"]
[BlackElo "2185"]
[PlyCount "80"]
[EventDate "2008.10.11"]
[EventType "team-tourn"]
[EventRounds "11"]
[EventCountry "SVK"]
[SourceTitle "EXT 2010"]
[Source "ChessBase"]
[SourceDate "2010.11.25"]
[SourceVersion "1"]
[SourceVersionDate "2010.11.25"]
[SourceQuality "1"]
[WhiteTeam "Trnava Lokomotiva II"]
[BlackTeam "Bratislava Doprastav"]
[WhiteTeamCountry "SVK"]
[BlackTeamCountry "SVK"]

1. e4 e5 2. Nf3 Nc6 3. Bb5 a6 4. Ba4 Nf6 5. 0-0 Be7 6. Re1 b5 7. Bb3 0-0 8. c3 d5 9. exd5 Nxd5 10. Nxe5 Nxe5 11. Rxe5 c6 12. d4 Bd6 13. Re1 Qh4 14. g3 Qh3 15. Qf3 Bg4 16. Qg2 Qh5 17. Qf1 Rae8 18. Be3 f5 19. f4 Re6 20. Nd2 Rfe8 21. Qf2 R8e7 22. a3 h6 23. Nf1 Bh3 24. Bxd5 cxd5 25. Re2 Bg4 26. Rc2 Kh7 27. Re1 Bd1 28. Rc1 Bf3 29. Nd2 Bg4 30. Nf1 Bh3 31. Rc2 g5 32. fxg5 hxg5 33. Qd2 Bxf1 34. Kxf1 Qf3+ 35. Qf2 Rxe3 36. Rxe3 Rxe3 37. Qxf3 Rxf3+ 38. Ke2 g4 39. Rc1 Kg6 40. Rg1 Kg5 0-1

[Event "SVK-chT2A 0809"]
[Site "Slovakia"]
[Date "2009.01.31"]
[Round "8.2"]
[White "Pacher, Milan"]
[Black "Stetina, Erik"]
[Result "1-0"]
[WhiteElo "2357"]
[BlackElo "2043"]
[PlyCount "71"]
[EventDate "2008.10.11"]
[EventType "team-tourn"]
[EventRounds "11"]
[EventCountry "SVK"]
[SourceTitle "EXT 2010"]
[Source "ChessBase"]
[SourceDate "2010.11.25"]
[SourceVersion "1"]
[SourceVersionDate "2010.11.25"]
[SourceQuality "1"]
[WhiteTeam "Bratislava Doprastav III"]
[BlackTeam "Trnava Lokomotiva II"]
[WhiteTeamCountry "SVK"]
[BlackTeamCountry "SVK"]

1. e4 e5 2. Nf3 Nc6 3. Bb5 a6 4. Ba4 Nf6 5. 0-0 Be7 6. Re1 b5 7. Bb3 0-0 8. c3 d6 9. h3 Nb8 10. d4 Nbd7 11. Nbd2 Bb7 12. Bc2 Re8 13. Nf1 Bf8 14. Ng3 g6 15. b3 Bg7 16. Bb2 exd4 17. cxd4 h5 18. Qd2 h4 19. Nxh4 Nxe4 20. Bxe4 Bxe4 21. Nxe4 Qxh4 22. Qc2 Nf6 23. Nxf6+ Bxf6 24. Qxc7 Bxd4 25. Bxd4 Qxd4 26. Qc6 Red8 27. Rad1 Qf6 28. Re3 Qb2 29. h4 Rac8 30. Qxa6 Rc2 31. Rf3 Rdc8 32. Qxb5 Rd2 33. Rxd2 Rc1+ 34. Kh2 Qxd2 35. Qe8+ Kg7 36. Rxf7+ 1-0

[Event "SVK-chT1W 0809"]
[Site "Slovakia"]
[Date "2009.01.11"]
[Round "7.4"]
[White "Stetina, Erik"]
[Black "Dlhy, Jozef"]
[Result "1-0"]
[WhiteElo "2043"]
[BlackElo "2121"]
[PlyCount "117"]
[EventDate "2008.10.18"]
[EventType "team-tourn"]
[EventRounds "11"]
[EventCountry "SVK"]
[SourceTitle "EXT 2010"]
[Source "ChessBase"]
[SourceDate "2010.11.25"]
[SourceVersion "1"]
[SourceVersionDate "2010.11.25"]
[SourceQuality "1"]
[WhiteTeam "Trnava Lokomotiva"]
[BlackTeam "Nitra NSK II"]
[WhiteTeamCountry "SVK"]
[BlackTeamCountry "SVK"]

1. e4 c6 2. Nc3 d5 3. Nf3 dxe4 4. Nxe4 Nd7 5. Qe2 Qc7 6. g3 Ngf6 7. Bg2 Nxe4 8. Qxe4 Nf6 9. Qe5 Qxe5+ 10. Nxe5 Nd7 11. Nc4 e6 12. 0-0 Bc5 13. c3 0-0 14. b4 Be7 15. d4 Nb6 16. Na5 Rd8 17. Rb1 a6 18. Be3 Nd5 19. c4 Nxb4 20. c5 Nc2 21. Nxb7 Bxb7 22. Rxb7 Kf8 23. Bxc6 Nxd4 24. Bxd4 Rxd4 25. Rxe7 Rc8 26. Rd7 Rc4 27. Bb7 R8xc5 28. Bxa6 Ra4 29. Rb1 g6 30. Bd3 Rd5 31. Rb8+ Kg7 32. Rxd5 exd5 33. Rd8 Rxa2 34. Rxd5 Ra7 35. Bb5 Rb7 36. Bc6 Rc7 37. Rd6 Kf8 38. Bd5 Kg7 39. Kg2 Ra7 40. h4 Rc7 41. g4 Ra7 42. Rb6 Rd7 43. Be4 h6 44. Rb7 Rd4 45. f3 Rd2+ 46. Kg3 Rd6 47. Bc2 Kf8 48. Bb3 Rf6 49. Rxf7+ Rxf7 50. Bxf7 Kxf7 51. Kf4 Kf6 52. Ke4 Ke6 53. f4 Kf6 54. f5 gxf5+ 55. gxf5 Kf7 56. Ke5 Ke7 57. f6+ Kf8 58. Kf5 Kf7 59. h5 1-0

[Event "SVK-chT2A 0809"]
[Site "Slovakia"]
[Date "2008.11.09"]
[Round "4.1"]
[White "Rohacek, Miroslav"]
[Black "Stetina, Erik"]
[Result "1-0"]
[WhiteElo "2215"]
[BlackElo "2043"]
[PlyCount "71"]
[EventDate "2008.10.11"]
[EventType "team-tourn"]
[EventRounds "11"]
[EventCountry "SVK"]
[SourceTitle "EXT 2010"]
[Source "ChessBase"]
[SourceDate "2010.11.25"]
[SourceVersion "1"]
[SourceVersionDate "2010.11.25"]
[SourceQuality "1"]
[WhiteTeam "Bratislava Slavia STU"]
[BlackTeam "Trnava Lokomotiva II"]
[WhiteTeamCountry "SVK"]
[BlackTeamCountry "SVK"]

1. e4 e6 2. Qe2 c5 3. g3 Nc6 4. Nf3 g6 5. Bg2 Bg7 6. 0-0 Nge7 7. e5 0-0 8. d3 Nf5 9. c3 b6 10. Bf4 Bb7 11. Nbd2 h6 12. h4 Qc7 13. Rfe1 Rac8 14. Ne4 Kh8 15. g4 Nfe7 16. Nd6 Rcd8 17. Nxb7 Qxb7 18. Nd2 Qc7 19. Bg3 Nd5 20. Nc4 b5 21. Nd6 Rb8 22. Rac1 Qb6 23. Nxb5 Qxb5 24. c4 Nd4 25. cxb5 Nxe2+ 26. Rxe2 Rxb5 27. Rec2 Rfb8 28. Rxc5 Bf8 29. Rc8 Kg7 30. Rxb8 Rxb8 31. Bxd5 exd5 32. Rc7 Rxb2 33. Rxa7 Bc5 34. Rxd7 Rxa2 35. Rxd5 Bb6 36. Rd7 1-0